Epoki literackie chronoogicznie - Statystyki

Ogólne statystyki
  • Ten quiz został rozwiązany 162 razy
  • Średni wynik to 8 z 10
Statystyki odpowiedzi
Odpowiedź % Poprawnych
starożytność
96%
renesans
94%
średniowiecze
94%
barok
88%
oświecenie
83%
romantyzm
82%
pozytywizm
77%
młoda polska
73%
współczesność
60%
xx-lecie międzywojenne
21%
Nie znaleziono quizów pasujących do podanych kryteriów
Rozkład punktacji
Procent ludzi z każdym wynikiem
Percentyl według liczby udzielonych odpowiedzi
Twoja historia wyników
Nie rozwiązałeś tego quizu